Академията през погледа на нейните ректори (Запис номер 113279)
[ съкратено ]
| 000 -Лидер | |
|---|---|
| Контролно поле с фиксирана дължина | 01796nam a2200373 c 4500 |
| 003 - Код на организацията, давaща контролен номер | |
| Контролно поле | BLK |
| 005 - Дата и час на последна редакция | |
| Контролно поле | 20180422110139.0 |
| 008 - Елементи от данни с фиксирана дължина | |
| fixed length control field | 180409b bul|||||r ||||||| ||bul|| |
| 010 ## - Наследен системен номер | |
| LC control number | KNG00118679000 |
| 020 ## - Международен стандартен номер на книга ISBN | |
| Международен стандартен номер на книга ISBN | 954-23-0322-Х |
| -- | издат.: Акад. изд. Д. А. Ценов |
| 040 ## - Източник на каталожния запис | |
| Идентификатор на билиотеката - собственик на записа | BLK |
| 041 ## - Код за език | |
| Код за езика на текст/звукозапис или на отделно заглавие | Български |
| Код за езика КДБФ | Български |
| 080 ## - УДК | |
| Текстов определител УДК | Висши икономически учебни заведения |
| УДК код - определител по УДК | 378.933 |
| УДК определител | (497.21-21)(091) |
| УДК - код + определител | 378.933(497.21-21)(091) |
| 139 ## - Редно поле | |
| Редна дума | Академията през погледа на нейните ректори |
| Авторски знак | Ак - А 38 |
| 245 10 - Сведения за заглавието | |
| Заглавие | Академията през погледа на нейните ректори |
| Редно поле (дума) | отг. ред. Димитър Панайотов. |
| 250 ## - Област на изданието | |
| Сведения за изданието | 2. изд. |
| 257 ## - Страна на издаване | |
| Страна на създаване/издаване | България |
| 260 ## - Област на издателските данни | |
| -- | Свищов |
| Име на издателя, разпространителя и проч. | Акад. изд. Д. А. Ценов |
| Година на издаване | 2006 |
| 300 ## - Физическа характеристика | |
| Страници | 248 с. |
| Илюстрации и др. | с табл., портр. |
| Размери/Мащаб | 23 см |
| 380 ## - Жанр | |
| Жанр | Обществени науки |
| 500 ## - Общи забележки | |
| Забележка | Други ред. : Н. Павлов, Ат. Дамянов, Ст. Станев ; Плното име на втория ред. е Нено Павлов Ненов, а на ред. Ат. Дамянов - Атанас Дамянов Петров. - 1. изд. 1996. - Изд. ва Стоп. акад. Д. А. Ценов - Свищов. - съдържа и За дарителя |
| 650 #4 - Допълнително описание по предмет – тема | |
| Основно описание – тема или топоним | Висши училища, икономически - Свищов |
| 9 (RLIN) | 294159 |
| 651 #4 - Допълнително описание по предмет - топоним | |
| Географско понятие | Свищов |
| 9 (RLIN) | 179504 |
| 651 #4 - Допълнително описание по предмет - топоним | |
| Географско понятие | България |
| 9 (RLIN) | 241624 |
| 653 ## - Ключова дума – ненормативна | |
| Ключова дума | висши училища |
| 653 ## - Ключова дума – ненормативна | |
| Ключова дума | Стопанска академия |
| 653 ## - Ключова дума – ненормативна | |
| Ключова дума | история |
| 700 1# - Други автори (авторска отговорност) | |
| Лично име | Панайотов, Димитър |
| Автороска отговорност (Описва отношението между автора и произведението) | отг. ред. |
| 9 (RLIN) | 376063 |
| 852 ## - Местоположение | |
| Форматна сигнатура | Цб 237648 |
| 856 4# - Електронен адрес и достъп | |
| Електронен формат | pdf - файл |
| Път до файла /url/ | |
| 856 4# - Електронен адрес и достъп | |
| Електронен формат | pdf - файл |
| Път до файла /url/ | |
| 942 ## - АРТИКУЛИ | |
| Вид на библиотечния материал | Книги |
| Скрит в OPAC | Не |
| 944 ## - СЪЗДАВАНЕ И РЕДАКЦИЯ на ЗАПИСА | |
| Създаване/Редакция | Създаване |
| Дата на регистрацията/редакция | 15.01.2008 |
| Служител, извършил регистрацията/редакцията | Геновева_Генчева |
| 944 ## - СЪЗДАВАНЕ И РЕДАКЦИЯ на ЗАПИСА | |
| Създаване/Редакция | Редакция |
| Дата на регистрацията/редакция | 03.02.2009 |
| Служител, извършил регистрацията/редакцията | |
| 999 ## - СИСТЕМНИ КОНТРОЛНИ НОМЕРА | |
| Koha biblionumber | 113279 |
| Koha biblioitemnumber | 113279 |
| Код за отписване | Код за изгубен артикул | Код за повреда | Коз за рестрикции | Код за отдаване | Артикулен № | Име на библиотеката - собственик | Име на библиотеката, в която се намира в момента | Статус (Текущо местоположение) | Дата на вписване в системата | Местоположение - отдел | Цена в лева | Инвентарен номер | Систематично азбучна сигнатура | Баркод | Номер на екземпляра | Цена в евро | Служебна бележка | Служебен тип на артикула |
|---|---|---|---|---|---|---|---|---|---|---|---|---|---|---|---|---|---|---|
| Не е изгубен | Не е повреден | без рестрикции | ползва се в читалня | 181475 | Регионална библиотека "Любен Каравелов" Русе | Регионална библиотека "Любен Каравелов" Русе | Хранилище | 2008-01-16 | Хранилище | 0.00 | 120000722089 | Цб 237648 | 120000722089 | 1 | 0.00 | Дост: Dp Вид: Д N: 38 Дата: 30.08.2007 | Книги | |
| Не е изгубен | Не е повреден | без рестрикции | заемане за дома | 181476 | Регионална библиотека "Любен Каравелов" Русе | Регионална библиотека "Любен Каравелов" Русе | Заемна - подръчен фонд | 2009-01-29 | Заемна - подръчен фонд | 12.00 | 120000733196 | П 378/А 38 | 120000733196 | 2 | 6.14 | Дост: DA Вид: А N: 1 Дата: 28.01.2009 Дата инв: 07.02.2018 Бележки инв: П2018 | Книги |